000 01073naa a22002777a 4500
001 BR6500216
003 BR-BrBNA
005 20240918173256.0
007 ta
008 230509b bl.||||| |||| 00| 0 por d
040 _aBR-BrBNA
_bpor
_cBiblioteca Nacional de Agricultura
041 _a(Pt)
072 _aL74
_b5400
_b4350
090 _aL74 BR6500216
100 1 _aReal, C.M.
111 1 _a4. Conferencia da Sociedade de Veterinaria do Rio Grande do Sul
_cPorto Alegre, RS (Brazil)
_d19 Jul 1965
245 1 _aNovos casos de Myasthenia gravis [disturbio fisiologico]
260 3 _aPorto Alegre, RS (Brasil):
_c1965.
500 _aAnais da 4. Conferencia da Sociedade de Veterinaria do Rio Grande do Sul Porto Alegre, RS (Brasil): 1965. p. 71-77 (BR6500216-AM)L74
650 _aCAO
650 _aDISTURBIO ANIMAL
650 _aDISTURBIO FISIOLOGICO
773 0 _tAnais da 4. Conferencia da Sociedade de Veterinaria do Rio Grande do Sul
_wL74 BR6500216
_gPorto Alegre, RS (Brasil), 1965. p. 71-77
909 _a202404
_bLucia
_c55
_dLucia Elande
942 _cAM
_2AGRIS
999 _c303719
_d303719